Исследование состава желчных камней методом ИК-спектроскопии; Перспективы развития фундаментальных наук; Т. 2 : Химия
| Parent link: | Перспективы развития фундаментальных наук=Prospects of Fundamental Sciences Development: сборник научных трудов XV Международной конференции студентов, аспирантов и молодых ученых, г. Томск, 24-27 апреля 2018 г./ Национальный исследовательский Томский политехнический университет (ТПУ) ; под ред. И. А. Курзиной, Г. А. Вороновой.— , 2018 Т. 2 : Химия.— 2018.— [С. 255-257] |
|---|---|
| מחבר ראשי: | |
| מחבר תאגידי: | |
| מחברים אחרים: | |
| סיכום: | Заглавие с экрана The composition of gallstones was studied by IR spectroscopy. It is shown that it is possible to establish the presence in the gallstones of such compounds as bilirubin and its salts, calcium phosphates, calcium carbonate, which are present in them in small amounts and difficult to determine. |
| שפה: | רוסית |
| יצא לאור: |
2018
|
| נושאים: | |
| גישה מקוונת: | http://earchive.tpu.ru/handle/11683/50784 |
| פורמט: | אלקטרוני Book Chapter |
| KOHA link: | https://koha.lib.tpu.ru/cgi-bin/koha/opac-detail.pl?biblionumber=627559 |
MARC
| LEADER | 00000naa2a2200000 4500 | ||
|---|---|---|---|
| 001 | 627559 | ||
| 005 | 20231101133452.0 | ||
| 035 | |a (RuTPU)RU\TPU\conf\27467 | ||
| 035 | |a RU\TPU\conf\27453 | ||
| 090 | |a 627559 | ||
| 100 | |a 20180913d2018 k y0rusy50 ca | ||
| 101 | 0 | |a rus |d eng | |
| 102 | |a RU | ||
| 105 | |a y z 100zy | ||
| 135 | |a drcn ---uucaa | ||
| 181 | 0 | |a i | |
| 182 | 0 | |a b | |
| 200 | 1 | |a Исследование состава желчных камней методом ИК-спектроскопии |d Research of the structure of gallstones by IR-spectroscopy method |f А. А. Пичугина |g науч. рук. Л.В. Цыро | |
| 203 | |a Текст |c электронный | ||
| 230 | |a 1 компьютерный файл (pdf; 537 Kb) | ||
| 300 | |a Заглавие с экрана | ||
| 320 | |a [Библиогр.: с. 257 (10 назв.)] | ||
| 330 | |a The composition of gallstones was studied by IR spectroscopy. It is shown that it is possible to establish the presence in the gallstones of such compounds as bilirubin and its salts, calcium phosphates, calcium carbonate, which are present in them in small amounts and difficult to determine. | ||
| 461 | 1 | |0 (RuTPU)RU\TPU\conf\26928 |t Перспективы развития фундаментальных наук |l Prospects of Fundamental Sciences Development |o сборник научных трудов XV Международной конференции студентов, аспирантов и молодых ученых, г. Томск, 24-27 апреля 2018 г. |o в 7 т. |f Национальный исследовательский Томский политехнический университет (ТПУ) ; под ред. И. А. Курзиной, Г. А. Вороновой |d 2018 | |
| 463 | 1 | |0 (RuTPU)RU\TPU\conf\26930 |t Т. 2 : Химия |v [С. 255-257] |d 2018 | |
| 510 | 1 | |a Research of the structure of gallstones by IR-spectroscopy method |z eng | |
| 610 | 1 | |a электронный ресурс | |
| 610 | 1 | |a состав | |
| 610 | 1 | |a желчные камни | |
| 610 | 1 | |a ИК-спектроскопия | |
| 610 | 1 | |a холестерин | |
| 610 | 1 | |a лечение | |
| 700 | 1 | |a Пичугина |b А. А. | |
| 702 | 1 | |a Цыро |b Л.В. |4 727 | |
| 712 | 0 | 2 | |a Сургутский государственный университет (СурГУ) |2 stltpush |3 (RuTPU)RU\TPU\col\3446 |
| 801 | 2 | |a RU |b 63413507 |c 20181005 |g RCR | |
| 856 | 4 | |u http://earchive.tpu.ru/handle/11683/50784 | |
| 942 | |c BK | ||